[Event "GER-chW Blitz 2019"]
[Site "Magdeburg"]
[Date "2019.05.25"]
[Round "16.11"]
[White "Silz, Elisa"]
[Black "Lubbe, Melanie"]
[Result "0-1"]
[WhiteElo "1977"]
[BlackElo "2278"]
[Annotator "NA"]
[PlyCount "92"]
[EventDate "2019.05.25"]
[EventType "tourn"]
[EventCountry "GER"]
[SourceTitle "playchess.com"]
[Source "ChessBase"]
[SourceQuality "1"]
[TimeControl "180+2"]

1. d4 {[%emt 0:00:00]} Nf6 {[%emt 0:00:00]} 2. Nf3 {[%emt 0:00:00]} g6 {[%emt 0:00:00]} 3. c4 {[%emt 0:00:00]} Bg7 {[%emt 0:00:00]} 4. Nc3 d6 {[%emt 0:00:00]} 5. e4 {[%emt 0:00:01]} O-O 6. Be2 {[%emt 0:00:00]} e5 {[%emt 0:00:07]} 7. O-O {[%emt 0:00:02]} Nc6 {[%emt 0:00:01]} 8. d5 {[%emt 0:00:00]} Ne7 {[%emt 0:00:00]} 9. Ne1 {[%emt 0:00:01]} Nd7 {[%emt 0:00:06]} 10. Nd3 {[%emt 0:00:01]} f5 {[%emt 0:00:02]} 11. Bd2 {[%emt 0:00:00]} Nf6 {[%emt 0:00:03]} 12. f3 {[%emt 0:00:01]} f4 {[%emt 0:00:01]} 13. c5 {[%emt 0:00:04]} g5 {[%emt 0:00:02]} 14. cxd6 {[%emt 0:00:01]} cxd6 {[%emt 0:00:01]} 15. Qc2 {[%emt 0:00:01]} Bd7 {[%emt 0:00:03]} 16. Nf2 {[%emt 0:00:04]} h5 {[%emt 0:00:02]} 17. h3 {[%emt 0:00:02]} Rf7 {[%emt 0:00:03]} 18. Rfc1 {[%emt 0:00:02]} Bf8 {[%emt 0:00:01]} 19. Qd1 {[%emt 0:00:00]} Rh7 {[%emt 0:00:10]} 20. a4 {[%emt 0:00:06]} Ng6 {[%emt 0:00:22]} 21. Be1 {[%emt 0:00:02]} Nh4 {[%emt 0:00:13]} 22. Nd3 {[%emt 0:00:07]} Rg7 {[%emt 0:00:18]} 23. Bxh4 {[%emt 0:00:07]} gxh4 {[%emt 0:00:01]} 24. Kh1 {[%emt 0:00:10]} Nh7 {[%emt 0:00:01]} 25. Nb5 {[%emt 0:00:07]} Qg5 {[%emt 0:00:07]} 26. Bf1 {[%emt 0:00:01]} Bxh3 {[%emt 0:00:07]} 27. Rc2 {[%emt 0:00:17]} Bd7 {[%emt 0:00:04]} 28. Nc7 {[%emt 0:00:09]} Rd8 {[%emt 0:00:07]} 29. Ne6 {[%emt 0:00:04]} Bxe6 {[%emt 0:00:01]} 30. dxe6 {[%emt 0:00:01]} h3 {[%emt 0:00:07]} 31. g4 {[%emt 0:00:08]} fxg3 {[%emt 0:00:07]} 32. Bxh3 {[%emt 0:00:12]} Qh4 {[%emt 0:00:01]} 33. Qf1 {[%emt 0:00:17]} g2+ {[%emt 0:00:09]} 34. Rxg2 {[%emt 0:00:05]} Qxh3+ {[%emt 0:00:02]} 35. Rh2 {[%emt 0:00:07]} Qxf1+ {[%emt 0:00:01]} 36. Rxf1 {[%emt 0:00:01]} Nf6 {[%emt 0:00:06]} 37. Nb4 {[%emt 0:00:12]} Be7 {[%emt 0:00:05]} 38. Nd5 {[%emt 0:00:03]} Nxd5 {[%emt 0:00:01]} 39. exd5 {[%emt 0:00:01]} h4 {[%emt 0:00:03]} 40. Rc1 {[%emt 0:00:07]} Bg5 {[%emt 0:00:07]} 41. Rc4 {[%emt 0:00:09]} Rf8 {[%emt 0:00:12]} 42. Rc3 {[%emt 0:00:10]} Rf4 {[%emt 0:00:03]} 43. Rc8+ {[%emt 0:00:07]} Kh7 {[%emt 0:00:01]} 44. Rc3 {[%emt 0:00:08]} Rxa4 {[%emt 0:00:02]} 45. Rhc2 {[%emt 0:00:05]} Ra1+ {[%emt 0:00:04]} 46. Kh2 {[%emt 0:00:01]} Bf4+ {[%emt 0:00:02]} 0-1

[Event "GER-chW Blitz 2019"]
[Site "Magdeburg"]
[Date "2019.05.25"]
[Round "16.12"]
[White "Kotyk, Valeriya"]
[Black "Fuchs, Judith"]
[Result "0-1"]
[WhiteElo "1739"]
[BlackElo "2218"]
[Annotator "NA"]
[PlyCount "22"]
[EventDate "2019.05.25"]
[EventType "tourn"]
[EventCountry "GER"]
[SourceTitle "playchess.com"]
[Source "ChessBase"]
[SourceQuality "1"]
[TimeControl "180+2"]

1. d4 {[%emt 0:00:00]} Nf6 {[%emt 0:00:00]} 2. c4 {[%emt 0:00:01]} g6 {[%emt 0:00:01]} 3. Nc3 {[%emt 0:00:01]} Bg7 {[%emt 0:00:01]} 4. e4 {[%emt 0:00:11]} d6 {[%emt 0:00:01]} 5. Nf3 {[%emt 0:00:03]} O-O {[%emt 0:00:02]} 6. Be2 {[%emt 0:00:01]} Nbd7 {[%emt 0:00:02]} 7. Be3 {[%emt 0:00:03]} e5 {[%emt 0:00:01]} 8. d5 {[%emt 0:00:05]} a5 {[%emt 0:00:02]} 9. O-O {[%emt 0:00:06]} Re8 {[%emt 0:00:07]} 10. Nd2 {[%emt 0:00:04]} Nc5 {[%emt 0:00:03]} 11. Bxc5 {[%emt 0:00:02]} dxc5 {[%emt 0:00:01]} 0-1

[Event "GER-chW Blitz 2019"]
[Site "Magdeburg"]
[Date "2019.05.25"]
[Round "17.1"]
[White "Fuchs, Judith"]
[Black "Roesler, Hannah Clara Hed"]
[Result "1-0"]
[WhiteElo "2218"]
[BlackElo "1619"]
[Annotator "NA"]
[PlyCount "55"]
[EventDate "2019.05.25"]
[EventType "tourn"]
[EventCountry "GER"]
[SourceTitle "playchess.com"]
[Source "ChessBase"]
[SourceQuality "1"]
[TimeControl "180+2"]

1. d4 {[%emt 0:00:00]} Nf6 {[%emt 0:00:00]} 2. Bf4 {[%emt 0:00:00]} e6 {[%emt 0:00:13]} 3. e3 {[%emt 0:00:01]} d5 {[%emt 0:00:02]} 4. Nf3 {[%emt 0:00:02]} c5 {[%emt 0:00:05]} 5. c3 {[%emt 0:00:01]} Nc6 {[%emt 0:00:01]} 6. Nbd2 {[%emt 0:00:03]} Bd6 {[%emt 0:00:19]} 7. Bg3 {[%emt 0:00:01]} O-O {[%emt 0:00:05]} 8. Bd3 {[%emt 0:00:01]} c4 {[%emt 0:00:34]} 9. Bc2 {[%emt 0:00:03]} b5 {[%emt 0:00:02]} 10. a3 {[%emt 0:00:03]} Bb7 {[%emt 0:00:05]} 11. Qe2 {[%emt 0:00:02]} a5 {[%emt 0:00:04]} 12. e4 {[%emt 0:00:16]} dxe4 {[%emt 0:00:22]} 13. Nxe4 {[%emt 0:00:01]} Nxe4 {[%emt 0:00:26]} 14. Bxe4 {[%emt 0:00:06]} Qc7 {[%emt 0:00:11]} 15. Bc2 {[%emt 0:00:17]} Rfe8 {[%emt 0:00:17]} 16. Bxd6 {[%emt 0:00:53]} Qxd6 {[%emt 0:00:04]} 17. Rd1 {[%emt 0:00:20]} Qf4 {[%emt 0:00:18]} 18. Qe4 {[%emt 0:00:21]} Qf6 {[%emt 0:00:12]} 19. Qxh7+ {[%emt 0:00:04]} Kf8 {[%emt 0:00:00]} 20. O-O {[%emt 0:00:08]} Ke7 {[%emt 0:00:08]} 21. Qh4 {[%emt 0:00:05]} Rh8 {[%emt 0:00:04]} 22. Qxf6+ {[%emt 0:00:01]} gxf6 {[%emt 0:00:01]} 23. d5 {[%emt 0:00:19]} exd5 {[%emt 0:00:04]} 24. Rxd5 {[%emt 0:00:19]} Ne5 {[%emt 0:00:01]} 25. Rxb5 {[%emt 0:00:10]} Bxf3 {[%emt 0:00:03]} 26. Re1 {[%emt 0:00:07]} Bc6 {[%emt 0:00:07]} 27. Rb6 {[%emt 0:00:03]} Bd7 28. f4 1-0

[Event "GER-chW Blitz 2019"]
[Site "Magdeburg"]
[Date "2019.05.25"]
[Round "17.2"]
[White "Lubbe, Melanie"]
[Black "Kotyk, Valeriya"]
[Result "1-0"]
[WhiteElo "2278"]
[BlackElo "1739"]
[Annotator "NA"]
[PlyCount "70"]
[EventDate "2019.05.25"]
[EventType "tourn"]
[EventCountry "GER"]
[SourceTitle "playchess.com"]
[Source "ChessBase"]
[SourceQuality "1"]
[TimeControl "180+2"]

1. d4 {[%emt 0:00:00]} Nf6 {[%emt 0:00:00]} 2. Nc3 {[%emt 0:00:00]} d5 {[%emt 0:00:03]} 3. Bf4 {[%emt 0:00:00]} c6 {[%emt 0:00:05]} 4. f3 {[%emt 0:00:03]} Qb6 {[%emt 0:00:23]} 5. Rb1 {[%emt 0:00:09]} Bf5 {[%emt 0:00:06]} 6. g4 {[%emt 0:00:04]} Bg6 {[%emt 0:00:05]} 7. h4 {[%emt 0:00:02]} h6 {[%emt 0:00:02]} 8. e3 {[%emt 0:00:05]} e6 {[%emt 0:00:06]} 9. Bd3 {[%emt 0:00:01]} Bxd3 {[%emt 0:00:03]} 10. Qxd3 {[%emt 0:00:01]} Nbd7 {[%emt 0:00:06]} 11. Nh3 {[%emt 0:00:15]} c5 {[%emt 0:00:06]} 12. Kf2 {[%emt 0:00:37]} cxd4 {[%emt 0:00:02]} 13. exd4 {[%emt 0:00:02]} Bd6 {[%emt 0:00:08]} 14. Rhe1 {[%emt 0:00:13]} O-O-O {[%emt 0:00:12]} 15. Na4 {[%emt 0:00:19]} Qc7 {[%emt 0:00:06]} 16. Qd2 {[%emt 0:00:15]} Kb8 {[%emt 0:00:12]} 17. b3 {[%emt 0:00:07]} Rhg8 {[%emt 0:00:08]} 18. Kg2 {[%emt 0:00:02]} Rc8 {[%emt 0:00:03]} 19. c4 {[%emt 0:00:07]} dxc4 {[%emt 0:00:05]} 20. bxc4 {[%emt 0:00:01]} Bxf4 {[%emt 0:00:02]} 21. Nxf4 {[%emt 0:00:02]} Nb6 {[%emt 0:00:03]} 22. Nc5 {[%emt 0:00:09]} Nfd7 {[%emt 0:00:06]} 23. Nfd3 {[%emt 0:00:06]} Rgd8 {[%emt 0:00:08]} 24. Qc3 {[%emt 0:00:04]} g5 {[%emt 0:00:04]} 25. a4 {[%emt 0:00:05]} Qd6 {[%emt 0:00:17]} 26. a5 {[%emt 0:00:17]} Na4 {[%emt 0:00:22]} 27. Nxa4 {[%emt 0:00:06]} Rc7 {[%emt 0:00:07]} 28. Nac5 Nf8 {[%emt 0:00:11]} 29. Rb2 {[%emt 0:00:14]} Ng6 {[%emt 0:00:05]} 30. Reb1 {[%emt 0:00:10]} Qxd4 {[%emt 0:00:09]} 31. Qxd4 {[%emt 0:00:05]} Rxd4 {[%emt 0:00:01]} 32. Na6+ {[%emt 0:00:03]} Kc8 {[%emt 0:00:02]} 33. Nxc7 {[%emt 0:00:01]} Kxc7 {[%emt 0:00:01]} 34. Rxb7+ {[%emt 0:00:02]} Kd8 {[%emt 0:00:04]} 35. Nc5 {[%emt 0:00:02]} Nf4+ {[%emt 0:00:02]} 1-0

[Event "GER-chW Blitz 2019"]
[Site "Magdeburg"]
[Date "2019.05.25"]
[Round "17.3"]
[White "Ries, Jutta"]
[Black "Silz, Elisa"]
[Result "1/2-1/2"]
[WhiteElo "2017"]
[BlackElo "1977"]
[Annotator "NA"]
[PlyCount "131"]
[EventDate "2019.05.25"]
[EventType "tourn"]
[EventCountry "GER"]
[SourceTitle "playchess.com"]
[Source "ChessBase"]
[SourceQuality "1"]
[TimeControl "180+2"]

1. f4 {[%emt 0:00:00]} Nf6 {[%emt 0:00:00]} 2. Nf3 {[%emt 0:00:00]} d5 {[%emt 0:00:00]} 3. b3 {[%emt 0:00:02]} g6 {[%emt 0:00:00]} 4. Bb2 {[%emt 0:00:01]} Bg7 {[%emt 0:00:01]} 5. e3 {[%emt 0:00:00]} O-O {[%emt 0:00:01]} 6. Be2 {[%emt 0:00:06]} c5 {[%emt 0:00:01]} 7. O-O {[%emt 0:00:02]} Nc6 {[%emt 0:00:01]} 8. Bb5 {[%emt 0:00:04]} Bd7 {[%emt 0:00:03]} 9. Qe2 {[%emt 0:00:08]} a6 {[%emt 0:00:01]} 10. Bxc6 {[%emt 0:00:01]} Bxc6 {[%emt 0:00:01]} 11. d3 {[%emt 0:00:02]} b5 {[%emt 0:00:04]} 12. Nbd2 {[%emt 0:00:02]} Qc7 {[%emt 0:00:11]} 13. Rae1 {[%emt 0:00:03]} Rfe8 {[%emt 0:00:01]} 14. g3 {[%emt 0:00:08]} Rad8 {[%emt 0:00:08]} 15. Be5 {[%emt 0:00:50]} Qb7 {[%emt 0:00:05]} 16. Bc3 {[%emt 0:00:08]} b4 {[%emt 0:00:02]} 17. Bb2 {[%emt 0:00:01]} e6 {[%emt 0:00:15]} 18. Ne5 {[%emt 0:00:01]} d4 {[%emt 0:00:16]} 19. Nxc6 {[%emt 0:00:04]} Qxc6 {[%emt 0:00:01]} 20. Nc4 {[%emt 0:00:09]} dxe3 {[%emt 0:00:11]} 21. Nxe3 {[%emt 0:00:16]} h5 {[%emt 0:00:07]} 22. Qf3 {[%emt 0:00:07]} Qc7 {[%emt 0:00:14]} 23. Be5 {[%emt 0:00:03]} Qd7 {[%emt 0:00:03]} 24. Nc4 {[%emt 0:00:02]} h4 {[%emt 0:00:16]} 25. g4 {[%emt 0:00:24]} Nd5 {[%emt 0:00:06]} 26. Bxg7 {[%emt 0:00:38]} Kxg7 {[%emt 0:00:01]} 27. g5 {[%emt 0:00:03]} Ne7 {[%emt 0:00:06]} 28. Ne5 {[%emt 0:00:04]} Qd4+ {[%emt 0:00:03]} 29. Qf2 {[%emt 0:00:02]} Nf5 {[%emt 0:00:02]} 30. Nc6 {[%emt 0:00:09]} Qxf2+ {[%emt 0:00:04]} 31. Kxf2 {[%emt 0:00:03]} Rd6 {[%emt 0:00:09]} 32. Ne5 {[%emt 0:00:03]} Nd4 {[%emt 0:00:07]} 33. Nc4 {[%emt 0:00:04]} Rd5 {[%emt 0:00:04]} 34. Ne3 {[%emt 0:00:02]} Rd7 {[%emt 0:00:04]} 35. Rd1 {[%emt 0:00:02]} Red8 {[%emt 0:00:03]} 36. Rd2 {[%emt 0:00:03]} a5 {[%emt 0:00:05]} 37. Ng2 {[%emt 0:00:01]} Nf5 {[%emt 0:00:03]} 38. Ne3 {[%emt 0:00:03]} Rd4 {[%emt 0:00:02]} 39. Ke2 {[%emt 0:00:07]} Nd6 {[%emt 0:00:05]} 40. Nc4 {[%emt 0:00:04]} Nb5 {[%emt 0:00:07]} 41. Ne5 {[%emt 0:00:02]} Nc3+ {[%emt 0:00:02]} 42. Ke3 {[%emt 0:00:03]} Nd5+ {[%emt 0:00:02]} 43. Ke2 {[%emt 0:00:02]} Nxf4+ {[%emt 0:00:02]} 44. Kd1 {[%emt 0:00:01]} Nd5 {[%emt 0:00:05]} 45. Rxf7+ {[%emt 0:00:01]} Kg8 {[%emt 0:00:01]} 46. Ra7 {[%emt 0:00:03]} Nc3+ {[%emt 0:00:06]} 47. Ke1 {[%emt 0:00:01]} Ne4 {[%emt 0:00:04]} 48. Re2 {[%emt 0:00:02]} Nxg5 {[%emt 0:00:03]} 49. Nxg6 {[%emt 0:00:01]} Nf3+ {[%emt 0:00:03]} 50. Kf2 {[%emt 0:00:01]} Ng5 {[%emt 0:00:05]} 51. Re5 {[%emt 0:00:02]} Nf7 {[%emt 0:00:04]} 52. Rh5 {[%emt 0:00:03]} Kg7 {[%emt 0:00:03]} 53. Ne5 {[%emt 0:00:02]} Rf4+ {[%emt 0:00:08]} 54. Ke3 {[%emt 0:00:01]} Rf6 {[%emt 0:00:04]} 55. Rg5+ {[%emt 0:00:02]} Kh6 {[%emt 0:00:04]} 56. Nxf7+ {[%emt 0:00:02]} Rxf7 {[%emt 0:00:01]} 57. Rxf7 {[%emt 0:00:01]} Kxg5 {[%emt 0:00:01]} 58. Re7 {[%emt 0:00:01]} Kf6 {[%emt 0:00:02]} 59. Rh7 {[%emt 0:00:01]} Kg5 {[%emt 0:00:01]} 60. Re7 {[%emt 0:00:01]} Kf6 {[%emt 0:00:03]} 61. Rc7 {[%emt 0:00:00]} Rd5 {[%emt 0:00:01]} 62. Rh7 {[%emt 0:00:03]} Kg5 {[%emt 0:00:03]} 63. Ra7 {[%emt 0:00:01]} Re5+ {[%emt 0:00:02]} 64. Kf3 {[%emt 0:00:01]} Rf5+ {[%emt 0:00:02]} 65. Ke3 {[%emt 0:00:01]} Re5+ {[%emt 0:00:02]} 66. Kf3 {[%emt 0:00:01]} 1/2-1/2

[Event "GER-chW Blitz 2019"]
[Site "Magdeburg"]
[Date "2019.05.25"]
[Round "17.4"]
[White "Kushka, Alena"]
[Black "Rath, Alina"]
[Result "0-1"]
[WhiteElo "2148"]
[BlackElo "2042"]
[Annotator "NA"]
[PlyCount "110"]
[EventDate "2019.05.25"]
[EventType "tourn"]
[EventCountry "GER"]
[SourceTitle "playchess.com"]
[Source "ChessBase"]
[SourceQuality "1"]
[TimeControl "180+2"]

1. d4 {[%emt 0:00:00]} d5 {[%emt 0:00:00]} 2. c4 {[%emt 0:00:01]} e6 {[%emt 0:00:00]} 3. Nc3 {[%emt 0:00:01]} c5 {[%emt 0:00:00]} 4. cxd5 {[%emt 0:00:05]} exd5 {[%emt 0:00:01]} 5. Nf3 {[%emt 0:00:01]} Nc6 {[%emt 0:00:00]} 6. g3 {[%emt 0:00:02]} Nf6 {[%emt 0:00:01]} 7. Bg2 {[%emt 0:00:01]} Be7 {[%emt 0:00:01]} 8. O-O {[%emt 0:00:02]} O-O {[%emt 0:00:02]} 9. Bg5 {[%emt 0:00:08]} c4 {[%emt 0:00:01]} 10. Ne5 {[%emt 0:00:10]} Be6 {[%emt 0:00:03]} 11. Nxc6 {[%emt 0:00:05]} bxc6 {[%emt 0:00:02]} 12. b3 {[%emt 0:00:15]} Qa5 {[%emt 0:00:04]} 13. Qc2 {[%emt 0:00:17]} Rad8 {[%emt 0:00:11]} 14. bxc4 {[%emt 0:00:05]} dxc4 {[%emt 0:00:01]} 15. Bxf6 {[%emt 0:00:32]} Bxf6 {[%emt 0:00:03]} 16. e3 {[%emt 0:00:02]} c5 {[%emt 0:00:07]} 17. Ne4 {[%emt 0:00:01]} cxd4 {[%emt 0:00:12]} 18. Nxf6+ {[%emt 0:00:03]} gxf6 {[%emt 0:00:01]} 19. exd4 {[%emt 0:00:04]} Rxd4 {[%emt 0:00:08]} 20. Rfe1 {[%emt 0:00:52]} Rfd8 {[%emt 0:00:44]} 21. Qe2 {[%emt 0:00:22]} c3 {[%emt 0:00:23]} 22. Qf3 {[%emt 0:00:16]} Kg7 {[%emt 0:00:19]} 23. Rac1 {[%emt 0:00:09]} c2 {[%emt 0:00:25]} 24. Qe3 {[%emt 0:00:08]} Rd1 {[%emt 0:00:10]} 25. Bf3 {[%emt 0:00:04]} Rxe1+ {[%emt 0:00:12]} 26. Rxe1 {[%emt 0:00:01]} Qd2 {[%emt 0:00:11]} 27. Be4 {[%emt 0:00:04]} Qxe3 {[%emt 0:00:03]} 28. fxe3 {[%emt 0:00:01]} Rc8 {[%emt 0:00:02]} 29. Rc1 {[%emt 0:00:01]} Bxa2 {[%emt 0:00:01]} 30. Rxc2 {[%emt 0:00:01]} Rxc2 31. Bxc2 {[%emt 0:00:01]} Bd5 {[%emt 0:00:02]} 32. Ba4 {[%emt 0:00:01]} h6 {[%emt 0:00:03]} 33. Kf2 {[%emt 0:00:01]} Kg6 {[%emt 0:00:00]} 34. h3 {[%emt 0:00:03]} Kf5 {[%emt 0:00:02]} 35. Bc2+ {[%emt 0:00:01]} Ke5 {[%emt 0:00:01]} 36. Ke2 {[%emt 0:00:00]} Kd6 {[%emt 0:00:01]} 37. Kd3 {[%emt 0:00:02]} Kc5 {[%emt 0:00:01]} 38. Kc3 {[%emt 0:00:01]} Be6 {[%emt 0:00:03]} 39. Ba4 {[%emt 0:00:02]} Bxh3 {[%emt 0:00:03]} 40. Bb3 {[%emt 0:00:01]} Be6 {[%emt 0:00:01]} 41. Bc2 {[%emt 0:00:01]} a5 {[%emt 0:00:03]} 42. e4 {[%emt 0:00:02]} Bd7 {[%emt 0:00:08]} 43. Bb3 {[%emt 0:00:01]} Be8 {[%emt 0:00:01]} 44. Bc2 {[%emt 0:00:02]} a4 {[%emt 0:00:00]} 45. Bb1 {[%emt 0:00:01]} a3 {[%emt 0:00:03]} 46. Kb3 {[%emt 0:00:01]} Kd4 {[%emt 0:00:01]} 47. Kxa3 {[%emt 0:00:02]} Bc6 {[%emt 0:00:01]} 48. Ba2 {[%emt 0:00:00]} Be8 {[%emt 0:00:03]} 49. Bb1 {[%emt 0:00:01]} Ke3 {[%emt 0:00:02]} 50. Kb4 {[%emt 0:00:02]} Kf3 {[%emt 0:00:01]} 51. Kc5 {[%emt 0:00:01]} Kxg3 {[%emt 0:00:02]} 52. Kd6 {[%emt 0:00:01]} h5 {[%emt 0:00:14]} 53. Ke7 {[%emt 0:00:02]} Bc6 {[%emt 0:00:02]} 54. Kxf7 {[%emt 0:00:03]} h4 {[%emt 0:00:00]} 55. e5 {[%emt 0:00:04]} fxe5 {[%emt 0:00:03]} 0-1

[Event "GER-chW Blitz 2019"]
[Site "Magdeburg"]
[Date "2019.05.25"]
[Round "17.5"]
[White "Schulze, Lara"]
[Black "Birkholz, Olga"]
[Result "1-0"]
[WhiteElo "2160"]
[BlackElo "2031"]
[Annotator "NA"]
[PlyCount "60"]
[EventDate "2019.05.25"]
[EventType "tourn"]
[EventCountry "GER"]
[SourceTitle "playchess.com"]
[Source "ChessBase"]
[SourceQuality "1"]
[TimeControl "180+2"]

1. e4 {[%emt 0:00:00]} c5 {[%emt 0:00:00]} 2. Nf3 {[%emt 0:00:00]} d6 {[%emt 0:00:00]} 3. d4 {[%emt 0:00:01]} cxd4 {[%emt 0:00:01]} 4. Nxd4 {[%emt 0:00:00]} Nf6 {[%emt 0:00:01]} 5. Nc3 {[%emt 0:00:01]} a6 {[%emt 0:00:01]} 6. Bc4 {[%emt 0:00:01]} e6 {[%emt 0:00:02]} 7. Bb3 {[%emt 0:00:01]} Be7 {[%emt 0:00:02]} 8. O-O {[%emt 0:00:03]} O-O {[%emt 0:00:01]} 9. Qf3 {[%emt 0:00:02]} Qc7 {[%emt 0:00:05]} 10. Qg3 {[%emt 0:00:09]} Kh8 {[%emt 0:00:10]} 11. a4 {[%emt 0:00:14]} Nc6 {[%emt 0:00:01]} 12. Be3 {[%emt 0:00:05]} Bd7 {[%emt 0:00:09]} 13. f4 {[%emt 0:00:10]} Rac8 {[%emt 0:00:04]} 14. Kh1 {[%emt 0:00:03]} Nb4 {[%emt 0:00:19]} 15. f5 {[%emt 0:00:56]} e5 {[%emt 0:00:16]} 16. Nf3 {[%emt 0:00:01]} Bc6 {[%emt 0:00:08]} 17. Ng5 {[%emt 0:00:12]} Bd8 {[%emt 0:00:11]} 18. a5 {[%emt 0:00:08]} h6 {[%emt 0:00:07]} 19. Bb6 {[%emt 0:00:42]} Qd7 {[%emt 0:00:06]} 20. Qh4 {[%emt 0:00:04]} Kg8 {[%emt 0:00:06]} 21. Bxd8 Rcxd8 {[%emt 0:00:01]} 22. Nf3 {[%emt 0:00:05]} Bb5 {[%emt 0:00:33]} 23. Rfd1 {[%emt 0:00:04]} Qc6 {[%emt 0:00:12]} 24. Nd5 {[%emt 0:00:09]} Nbxd5 {[%emt 0:00:11]} 25. exd5 {[%emt 0:00:01]} Qc8 {[%emt 0:00:11]} 26. c4 {[%emt 0:00:15]} Bd7 {[%emt 0:00:02]} 27. g4 {[%emt 0:00:00]} Ne4 {[%emt 0:00:21]} 28. Re1 {[%emt 0:00:13]} Nc5 29. Bc2 Be8 {[%emt 0:00:29]} 30. f6 {[%emt 0:00:03]} Bd7 {[%emt 0:00:00]} 1-0

[Event "GER-chW Blitz 2019"]
[Site "Magdeburg"]
[Date "2019.05.25"]
[Round "17.6"]
[White "Braje, Monika"]
[Black "Hofmann, Karina"]
[Result "1-0"]
[WhiteElo "1781"]
[BlackElo "1700"]
[Annotator "NA"]
[PlyCount "49"]
[EventDate "2019.05.25"]
[EventType "tourn"]
[EventCountry "GER"]
[SourceTitle "playchess.com"]
[Source "ChessBase"]
[SourceQuality "1"]
[TimeControl "180+2"]

1. e4 {[%emt 0:00:00]} b6 {[%emt 0:00:00]} 2. d4 {[%emt 0:00:01]} Bb7 {[%emt 0:00:00]} 3. Bd3 {[%emt 0:00:10]} g6 {[%emt 0:00:01]} 4. c3 {[%emt 0:00:02]} Bg7 {[%emt 0:00:01]} 5. Ne2 {[%emt 0:00:05]} Nf6 {[%emt 0:00:08]} 6. Ng3 {[%emt 0:00:03]} O-O {[%emt 0:00:04]} 7. O-O {[%emt 0:00:03]} c5 {[%emt 0:00:03]} 8. d5 {[%emt 0:00:05]} d6 {[%emt 0:00:05]} 9. c4 {[%emt 0:00:02]} Nbd7 {[%emt 0:00:02]} 10. f4 {[%emt 0:00:09]} a6 {[%emt 0:00:04]} 11. Nc3 {[%emt 0:00:03]} Nh5 {[%emt 0:00:15]} 12. Nxh5 {[%emt 0:00:08]} gxh5 {[%emt 0:00:02]} 13. Qxh5 {[%emt 0:00:05]} Bd4+ {[%emt 0:00:06]} 14. Kh1 {[%emt 0:00:01]} Kh8 {[%emt 0:00:05]} 15. e5 {[%emt 0:00:05]} f5 {[%emt 0:00:07]} 16. Bxf5 {[%emt 0:00:14]} Rxf5 {[%emt 0:00:22]} 17. Qxf5 {[%emt 0:00:01]} Bxc3 {[%emt 0:00:06]} 18. bxc3 {[%emt 0:00:03]} Qg8 {[%emt 0:00:03]} 19. exd6 {[%emt 0:00:25]} e6 {[%emt 0:00:20]} 20. Qxe6 {[%emt 0:00:06]} Nf8 {[%emt 0:00:09]} 21. Qe5+ {[%emt 0:00:06]} Qg7 {[%emt 0:00:02]} 22. Qxg7+ {[%emt 0:00:01]} Kxg7 {[%emt 0:00:01]} 23. Bd2 {[%emt 0:00:03]} Rd8 {[%emt 0:00:04]} 24. Rae1 {[%emt 0:00:04]} Rxd6 {[%emt 0:00:02]} 25. Re7+ {[%emt 0:00:01]} 1-0

[Event "GER-chW Blitz 2019"]
[Site "Magdeburg"]
[Date "2019.05.25"]
[Round "17.7"]
[White "Mader, Lena"]
[Black "Siegl, Melina"]
[Result "0-1"]
[WhiteElo "1839"]
[BlackElo "2029"]
[Annotator "NA"]
[PlyCount "64"]
[EventDate "2019.05.25"]
[EventType "tourn"]
[EventCountry "GER"]
[SourceTitle "playchess.com"]
[Source "ChessBase"]
[SourceQuality "1"]
[TimeControl "180+2"]

1. c4 {[%emt 0:00:00]} e5 {[%emt 0:00:00]} 2. Nc3 {[%emt 0:00:00]} d6 {[%emt 0:00:02]} 3. g3 {[%emt 0:00:04]} g6 {[%emt 0:00:01]} 4. Bg2 {[%emt 0:00:01]} Bg7 {[%emt 0:00:01]} 5. e3 {[%emt 0:00:01]} f5 {[%emt 0:00:02]} 6. d3 {[%emt 0:00:04]} Nf6 {[%emt 0:00:02]} 7. Nge2 {[%emt 0:00:00]} O-O {[%emt 0:00:03]} 8. O-O {[%emt 0:00:01]} c6 {[%emt 0:00:10]} 9. Bd2 {[%emt 0:00:02]} Na6 {[%emt 0:00:03]} 10. Rb1 {[%emt 0:00:06]} Nc7 {[%emt 0:00:02]} 11. b4 {[%emt 0:00:02]} d5 {[%emt 0:00:13]} 12. cxd5 {[%emt 0:00:28]} cxd5 {[%emt 0:00:04]} 13. a4 {[%emt 0:00:25]} d4 {[%emt 0:00:28]} 14. exd4 {[%emt 0:00:34]} exd4 {[%emt 0:00:02]} 15. Na2 {[%emt 0:00:07]} Nfd5 {[%emt 0:00:17]} 16. Nf4 {[%emt 0:00:09]} Rb8 {[%emt 0:00:19]} 17. Qb3 {[%emt 0:00:08]} Kh8 {[%emt 0:00:13]} 18. Nxd5 {[%emt 0:00:04]} Be6 {[%emt 0:00:03]} 19. Bf4 {[%emt 0:00:29]} Nxd5 {[%emt 0:00:31]} 20. Bxb8 {[%emt 0:00:16]} Nf4 {[%emt 0:00:17]} 21. Qd1 {[%emt 0:00:13]} Nxg2 {[%emt 0:00:05]} 22. Bf4 {[%emt 0:00:11]} Nxf4 {[%emt 0:00:04]} 23. gxf4 {[%emt 0:00:05]} Bxa2 {[%emt 0:00:01]} 24. Rb2 {[%emt 0:00:05]} Bd5 {[%emt 0:00:02]} 25. f3 {[%emt 0:00:02]} Qh4 {[%emt 0:00:01]} 26. Rg2 {[%emt 0:00:02]} Qxf4 {[%emt 0:00:02]} 27. Qe1 {[%emt 0:00:06]} Bc6 {[%emt 0:00:04]} 28. Qe7 {[%emt 0:00:02]} Re8 {[%emt 0:00:04]} 29. Qc5 {[%emt 0:00:05]} Qe3+ {[%emt 0:00:01]} 30. Kh1 {[%emt 0:00:00]} Qxd3 {[%emt 0:00:02]} 31. Rc1 {[%emt 0:00:05]} Qxf3 {[%emt 0:00:10]} 32. Rcg1 {[%emt 0:00:01]} Re1 {[%emt 0:00:05]} 0-1

[Event "GER-chW Blitz 2019"]
[Site "Magdeburg"]
[Date "2019.05.25"]
[Round "17.8"]
[White "Zimmer, Elke"]
[Black "Muetsch, Annmarie"]
[Result "0-1"]
[WhiteElo "1926"]
[BlackElo "2266"]
[Annotator "NA"]
[PlyCount "48"]
[EventDate "2019.05.25"]
[EventType "tourn"]
[EventCountry "GER"]
[SourceTitle "playchess.com"]
[Source "ChessBase"]
[SourceQuality "1"]
[TimeControl "180+2"]

1. e4 {[%emt 0:00:00]} c5 {[%emt 0:00:00]} 2. Nc3 {[%emt 0:00:00]} Nc6 {[%emt 0:00:00]} 3. g3 {[%emt 0:00:00]} g6 {[%emt 0:00:02]} 4. Bg2 {[%emt 0:00:01]} Bg7 5. d3 e6 {[%emt 0:00:04]} 6. Nf3 {[%emt 0:00:02]} Nge7 {[%emt 0:00:01]} 7. Be3 {[%emt 0:00:01]} b6 {[%emt 0:00:01]} 8. Qd2 {[%emt 0:00:01]} d5 {[%emt 0:00:04]} 9. exd5 {[%emt 0:00:05]} exd5 {[%emt 0:00:08]} 10. Bh6 {[%emt 0:00:03]} O-O {[%emt 0:00:12]} 11. Bxg7 {[%emt 0:00:01]} Kxg7 {[%emt 0:00:01]} 12. O-O {[%emt 0:00:03]} d4 {[%emt 0:00:06]} 13. Ne4 {[%emt 0:00:01]} Nd5 {[%emt 0:00:10]} 14. h4 {[%emt 0:00:10]} h6 {[%emt 0:00:17]} 15. Rae1 {[%emt 0:00:05]} f5 {[%emt 0:00:06]} 16. c4 {[%emt 0:01:03]} fxe4 {[%emt 0:00:18]} 17. dxe4 {[%emt 0:00:18]} Nde7 {[%emt 0:00:09]} 18. e5 {[%emt 0:00:01]} Be6 {[%emt 0:00:07]} 19. b3 {[%emt 0:00:01]} Qd7 20. h5 {[%emt 0:00:12]} Bg4 {[%emt 0:00:21]} 21. e6 {[%emt 0:00:07]} Qd6 {[%emt 0:00:08]} 22. Ne5 {[%emt 0:00:27]} Nxe5 {[%emt 0:00:20]} 23. Bxa8 {[%emt 0:00:01]} Rxa8 {[%emt 0:00:02]} 24. Re4 {[%emt 0:00:07]} Nf3+ {[%emt 0:00:02]} 0-1